Matemàtiques 2 : primària : cicle inicial

Gespeichert in:
Bibliographische Detailangaben
Format: Buch
Sprache:Katalanisch
Erschienen: Barcelona : Grup Promotor/Santillana, 2000-
Katalog:MANES:  Suchergebnis im Bibliothekskatalog
Schulbuchspezifische Eigenschaften:
Schriftenreihe:Tots amics
Tags: Tag hinzufügen
Keine Tags, Fügen Sie den ersten Tag hinzu!
Hinzugefügt zu:14.10.2003
Geändert in:07.05.2025

MARC

LEADER 00000nam a2200000 a 4500
001 .b3017616
003 ES-BaCBU
005 20250507130132.0
008 031015s2000 spca b|l 000 ||cat|c
017 |a DL B. 22394-2000 ([Llibre de text] 2)  |a DL B. 5331-2001 ([Llibre de text] 2) 
020 |a 8484350894 ([Llibre de text] 2) 
035 |a 8484350894  |9 ES-BaUB001  |a 0782-36860  |9 ES-BaUB035 
040 |a ES-BaUB  |b cat  |c ES-BaUB 
245 0 0 |a Matemàtiques 2 :  |b primària : cicle inicial 
260 |a Barcelona :  |b Grup Promotor/Santillana,  |c 2000- 
300 |a vol.:  |b il. col. 
505 8 |a Conté: Llibre de text 2  |a Inclou sobre amb material didàctic 
546 |a España 
561 |5 es-CRAI  |3 p1 TX EP 9/2 SAN  |a España. Biblioteca Universitat de Barcelona  |k MANES 
690 0 |a MATE 
691 0 |a PRI 
830 0 |a Tots amics  |9 32420 
856 |y Registro en Cercabib - CRAI 
942 |2 ddc  |c BK 
999 |c 89591  |d 89591 
999 |c manes:89591  |d 89591